Járatgazdaságosság vizsgálata a K&V Kft.-nél lean módszerekkel

Bibliográfiai részletek
Szerző: György Ádám
További közreműködők: Renner Péter
Dokumentumtípus: Diplomadolgozat
Kulcsszavak:Lean menedzsment
Lean Six Sigma
Fuvarozás
Nemzetközi fuvarozás
K&V Nemzetközi Fuvarozó Kft.
Online Access:http://dolgozattar.uni-bge.hu/19672

MARC

LEADER 00000nta a2200000 i 4500
001 dolg19672
005 20200429070152.0
008 181215suuuu hu om 000 hun d
040 |a BGE Dolgozattár Repozitórium  |b hun 
041 |a hu 
100 1 |a György Ádám 
245 1 0 |a Járatgazdaságosság vizsgálata a K&V Kft.-nél lean módszerekkel  |c György Ádám  |h [elektronikus dokumentum] 
695 |a Lean menedzsment 
695 |a Lean Six Sigma 
695 |a Fuvarozás 
695 |a Nemzetközi fuvarozás 
695 |a K&V Nemzetközi Fuvarozó Kft. 
700 1 |a Renner Péter  |e ths 
856 4 0 |u http://dolgozattar.uni-bge.hu/19672/1/Szakdolgozat.pdf  |z Dokumentum-elérés 
856 4 0 |u http://dolgozattar.uni-bge.hu/19672/7/HivatalosBejegyzes.pdf  |z Dokumentum-elérés